000 00342nam a2200133Ia 4500
008 240624s9999 xx 000 0 und d
041 _aeng
082 _a954 GUH
100 _aGUHA RAMACHANDRA
245 _aINDIA AFTER GANDHI THE HISTORY OF THE WO
260 _c2007
_aNew Delhi
_bPicador
300 _a898 : p. : cm. ; 22
365 _cRS
_b20
999 _c15373
_d15373